01174nam a2200193Ia 4500001001000000003001000010008004100020040002500061041001300086100002300099245005900122250001100181260008500192300002800277500026600305501011400571520026600685650002900951L232-6655IT-CnALBA170116s9999||||xx |||||||||||||| ||und|| aIT-CnALBAcIT-CnALBA aITALIANO aNENO P. TOBIA, SJ. 0aMEDITAZIONI SOPRA LA PASSIONE DI N. S. GESÙ CRISTO.  a1a ed. a MILANO BOLOGNAbANCORA EDITRICE c1941 [1° Ed.:1941 - Ed.Ling.Originale: 1941] a550 p. (prefazione: 56) aDONO DI DON CHIAVARINO G. SSP. PASSIONE DI GESÙ. GERUSALEMME. CENA. ISTITUZIONE DELL'EUCARESTIA. LA VITE E I TRALCI. CARITÀ FRATERNA. PROMESSA DELLO SPIRITO SANTO. GETSEMANI. GIUDA IL TRADITORE. PROCESSO RELIGIOSO POLITICO E CONDANNA DI GESÙ. DA PILATO. G aSocietà San Paolo EM - Piazza San Paolo, 14 - 12051 ALBA (CN) (non commercial uses only) ® Copyright 2017 aDONO DI DON CHIAVARINO G. SSP. PASSIONE DI GESÙ. GERUSALEMME. CENA. ISTITUZIONE DELL'EUCARESTIA. LA VITE E I TRALCI. CARITÀ FRATERNA. PROMESSA DELLO SPIRITO SANTO. GETSEMANI. GIUDA IL TRADITORE. PROCESSO RELIGIOSO POLITICO E CONDANNA DI GESÙ. DA PILATO. G aVITA E MISTERO DI CRISTO